| 000 | 00854nam a2200253Ia 4500 | ||
|---|---|---|---|
| 003 | OSt | ||
| 005 | 20220918171333.0 | ||
| 006 | a|||||r|||| 00| 0 | ||
| 007 | ta | ||
| 008 | 220917b |||||||| |||| 00| 0 eng d | ||
| 020 |
_a9781503605169 (hbk) _cUKP 44.00 |
||
| 024 | _a349,119 | ||
| 037 |
_bKS/2018-2019/100, 14/03/2019, Kadmiel Solutions _cTextual |
||
| 040 |
_aARTS _cARTS _beng |
||
| 041 |
_2eng _aeng |
||
| 082 | _aO111,3:g, Q8 | ||
| 100 |
_aHogan Sarah Au. _935900 |
||
| 245 | 0 |
_aOther Englands _b Utopia capital and empire in an age of transition |
|
| 260 |
_aStanford _bStanford University press _c2018 |
||
| 300 |
_ax,256p. _ccm. |
||
| 650 |
_aENGLISH FICTION; ENGLISH LITERATURE _912759 |
||
| 942 |
_hO111,3:g, Q8 _cTEXL _2CC |
||
| 999 |
_c139106 _d139106 |
||